书目信息 |
| 题名: |
梁启超自述
|
|
| 作者: | 梁启超 著 ;文明国 编 | |
| 分册: | ||
| 出版信息: | 北京 人民日报出版社 2011.7 |
|
| 页数: | 425页 | |
| 开本: | 24cm | |
| 丛书名: | 人民日报近代中国人物自述系列 | |
| 单 册: | ||
| 中图分类: | B259.15 | |
| 科图分类: | ||
| 主题词: | 哲学家--自传--中国--现代 | |
| 电子资源: | ||
| ISBN: | 978-7-5115-0529-3 | |
| 000 | 00978oam2 2200277 45 | |
| 001 | 1360518781 | |
| 005 | 20130531095957.45 | |
| 010 | @a978-7-5115-0529-3@dCNY68.00 | |
| 100 | @a20130513d2011 em y0chiy50 ea | |
| 101 | 0 | @achi |
| 102 | @aCN@b110000 | |
| 105 | @aa z 000ya | |
| 106 | @ar | |
| 200 | 1 | @a梁启超自述@ALiang Qi Chao Zi Shu@e1873-1929@f梁启超著@FLiang Qi Chao Zhu@g文明国编 |
| 210 | @a北京@c人民日报出版社@d2011.7 | |
| 215 | @a425页@c图@d24cm | |
| 225 | 2 | @a人民日报近代中国人物自述系列 |
| 330 | @a本书共分为自述生平、师友交往、学术主张、政治主张四编, 主要内容包括: 我之为童子时、公车上书之经过及相关情形、南学会、开保国会于京师、请废科举等。 | |
| 461 | 0 | @12001 @a人民日报近代中国人物自述系列 |
| 600 | 0 | @a梁启超,@f1873-1929@x自传 |
| 606 | 0 | @a哲学家@x自传@y中国@z现代 |
| 690 | @aB259.15@v5 | |
| 701 | 0 | @a梁启超@ALiang Qi Chao@4著 |
| 702 | 0 | @a文明国@AWen Ming Guo@4编 |
| 801 | @aCN@bTANGWEI@c20130522 | |
| 905 | @b0834601-02@dB259.15@e58@f2 | |
| 梁启超自述:1873-1929/梁启超著/文明国编.-北京:人民日报出版社,2011.7 |
| 425页:图;24cm.-(人民日报近代中国人物自述系列) |
| ISBN 978-7-5115-0529-3:CNY68.00 |
| 本书共分为自述生平、师友交往、学术主张、政治主张四编, 主要内容包括: 我之为童子时、公车上书之经过及相关情形、南学会、开保国会于京师、请废科举等。 |
| ● |
| 相关链接 |
|
|
|
|
正题名:梁启超自述
索取号:B259.15/58
 
预约/预借
| 序号 | 登录号 | 条形码 | 馆藏地/架位号 | 状态 | 备注 |
| 1 | 0834601 | 208346011 | 第一样本阅览室/ [索取号:B259.15/58] | 在馆 | |
| 2 | 0834602 | 208346020 | 第一借阅区/ [索取号:B259.15/58] | 在馆 |